| 000 | 00403nam a2200097Ia 4500 | ||
|---|---|---|---|
| 008 | 160725s9999 xx 000 0 und d | ||
| 100 | _aVillegas, Ma. Carmelita A. | ||
| 245 | _aCurriculum design and development within the current Philippine landscape: Southville International School and Colleges- College of Nursing | ||
| 260 |
_bKaizen Research Journal College of Nursing _cJune 2013 |
||
| 650 | _aNURSING | ||
| 999 |
_c298022 _d298022 |
||